[Event "UKR-ch U20 Girls rapid"]
[Site "Lvov"]
[Date "2017.03.01"]
[Round "6"]
[White "Tribushna, Hanna"]
[Black "Osmak, Iulija"]
[Result "0-1"]
[WhiteElo "1755"]
[BlackElo "2291"]
[PlyCount "86"]
[EventDate "2017.03.01"]
[EventType "swiss (rapid)"]
[EventRounds "9"]
[EventCountry "UKR"]
[SourceTitle "EXT 2018"]
[Source "ChessBase"]
[SourceDate "2017.10.13"]
[SourceVersion "1"]
[SourceVersionDate "2017.10.13"]
[SourceQuality "1"]

1. e4 e5 2. Nf3 Nc6 3. Bc4 Bc5 4. d3 Nf6 5. 0-0 0-0 6. c3 a6 7. Bb3 d6 8. h3 h6 9. Be3 Qe7 10. Nbd2 Bxe3 11. fxe3 Be6 12. Qe1 d5 13. exd5 Nxd5 14. Rd1 Rad8 15. d4 Nb6 16. Qg3 Bxb3 17. axb3 Rfe8 18. Nh4 Qg5 19. Qxg5 hxg5 20. Nf5 f6 21. g4 Kf7 22. Kg2 exd4 23. exd4 Nd5 24. c4 Nf4+ 25. Kg3 Nxd4 26. Nxd4 Rxd4 27. Nf3 Rde4 28. Rd7+ R8e7 29. Rfd1 Re3 30. Rxe7+ Kxe7 31. Re1 Rxe1 32. Nxe1 Ne2+ 33. Kg2 Kd6 34. b4 Ke5 35. Nf3+ Ke4 36. h4 Nf4+ 37. Kg3 gxh4+ 38. Nxh4 Nd3 39. Nf5 g6 40. Ne7 Nxb2 41. Nxg6 Nxc4 42. Ne7 Ne3 43. Ng8 Nd5 0-1

[Event "EU-ch U16 Girls 24th"]
[Site "Batumi"]
[Date "2014.10.23"]
[Round "5"]
[White "Tribushna, Hanna"]
[Black "Chkhaidze, Ani"]
[Result "0-1"]
[WhiteElo "1797"]
[BlackElo "1528"]
[PlyCount "55"]
[EventDate "2014.10.19"]
[EventType "swiss"]
[EventRounds "9"]
[EventCountry "GEO"]
[SourceTitle "EXT 2015"]
[Source "ChessBase"]
[SourceDate "2014.11.20"]
[SourceVersion "1"]
[SourceVersionDate "2014.11.20"]
[SourceQuality "1"]

1. e4 e6 2. d4 d5 3. e5 c5 4. c3 Nc6 5. Nf3 Qb6 6. a3 a5 7. g3 Bd7 8. Bg2 Qa6 9. Qe2 cxd4 10. Qxa6 Rxa6 11. cxd4 Nh6 12. Bxh6 gxh6 13. Nc3 a4 14. Bf1 Ra8 15. Bd3 Bg7 16. Nb5 0-0 17. Rc1 f6 18. exf6 Rxf6 19. Ne5 Nxe5 20. dxe5 Rf3 21. Be2 Rb3 22. Nc7 Rc8 23. f4 Rxb2 24. Bg4 Kf7 25. 0-0 Be8 26. Rf3 Rb3 27. Rf2 Rxa3 28. Rfc2 0-1

[Event "Wch U14 Girls"]
[Site "Maribor"]
[Date "2012.11.10"]
[Round "3.21"]
[White "Tribushna, Hanna"]
[Black "Derakhshani, Dorsa"]
[Result "0-1"]
[WhiteElo "1779"]
[BlackElo "2022"]
[PlyCount "102"]
[EventDate "2012.11.08"]
[EventType "swiss"]
[EventRounds "11"]
[EventCountry "SLO"]
[SourceTitle "EXT 2013"]
[Source "ChessBase"]
[SourceDate "2012.11.22"]
[SourceVersion "1"]
[SourceVersionDate "2012.11.22"]
[SourceQuality "1"]

1. e4 e5 2. Nf3 Nc6 3. Nc3 Nf6 4. g3 Bc5 5. Bg2 d6 6. 0-0 0-0 7. d3 a6 8. Be3 Nd4 9. Bxd4 exd4 10. Ne2 Bg4 11. Nd2 Ba7 12. h3 Bd7 13. f4 Qe7 14. Nf3 c5 15. Qe1 Bc6 16. g4 Nd7 17. Ng3 f6 18. Nf5 Qe6 19. Qg3 Rae8 20. g5 fxg5 21. Qxg5 Qf6 22. Qxf6 Rxf6 23. Nd2 b5 24. Ng3 Nf8 25. Rf2 Ng6 26. Nh5 Rf7 27. f5 Ne5 28. Nf4 g6 29. fxg6 hxg6 30. Raf1 c4 31. Kh2 Ref8 32. Kg3 g5 33. Ne6 Rxf2 34. Rxf2 Rxf2 35. Kxf2 cxd3 36. cxd3 Nxd3+ 37. Ke2 Nxb2 38. Nxg5 d3+ 39. Ke1 Be3 40. Ngf3 a5 41. Bf1 a4 42. a3 Bc5 43. Nb1 Bxe4 44. Ng5 Bf5 45. Kd2 Nc4+ 46. Kc3 Nxa3 47. Nxa3 Bxa3 48. Bxd3 b4+ 49. Kc2 Bxd3+ 50. Kxd3 Bc1 51. Ne4 a3 0-1